Southville International School and Colleges
Your cart is empty.
  • Cart
  • Lists
    Public lists Eva Luna New books Lux_list list_1
    Your lists Log in to create your own lists
  • Log in to your account
  • Your cookies
  • Search history
Southville International School and Colleges
  • Advanced search
  • Recent comments
  • Most popular
  • Libraries

Log in to your account

Log in with GOOGLE


If you do not have an external account, but do have a local account, you can still log in:

  1. Home
  2. MARC view: Private L.A/
Normal view MARC view ISBD view

Private L.A/ (Record no. 359229)

[ view plain ]
MARC details
000 -LEADER
fixed length control field 00538nam a2200193Ia 4500
003 - CONTROL NUMBER IDENTIFIER
control field SISC
005 - DATE AND TIME OF LATEST TRANSACTION
control field 20181022093151.0
008 - FIXED-LENGTH DATA ELEMENTS--GENERAL INFORMATION
fixed length control field 181016s9999 xx 000 0 und d
020 ## - INTERNATIONAL STANDARD BOOK NUMBER
International Standard Book Number 9781455584093
050 ## - LIBRARY OF CONGRESS CALL NUMBER
Classification number PS 3566 .A822
Item number .P74 2014
100 ## - MAIN ENTRY--PERSONAL NAME
Personal name Patterson, James
245 ## - TITLE STATEMENT
Title Private L.A/
Statement of responsibility, etc James Patterson, Mark Sullivan
260 ## - PUBLICATION, DISTRIBUTION, ETC. (IMPRINT)
Place of publication, distribution, etc NY:
Name of publisher, distributor, etc Grand Central Publishing
Date of publication, distribution, etc 2014
300 ## - PHYSICAL DESCRIPTION
Extent 428 pages :
Dimensions 17 cm.
650 ## - SUBJECT ADDED ENTRY--TOPICAL TERM
Topical term or geographic name as entry element Cold cases (Criminal investigation)
650 ## - SUBJECT ADDED ENTRY--TOPICAL TERM
Topical term or geographic name as entry element Serial murders
942 ## - ADDED ENTRY ELEMENTS (KOHA)
Source of classification or shelving scheme Library of Congress Classification
Koha item type Books
Holdings
Withdrawn status Lost status Source of classification or shelving scheme Damaged status Home library Current library Shelving location Date acquired Source of acquisition Total Checkouts Full call number Barcode Date last seen Price effective from Koha item type Public note
    Library of Congress Classification   Luxembourg Library Luxembourg Library Fiction Section 10/16/2018 Donation   PS 3566 .A822 .P74 2014 20609 10/22/2018 10/16/2018 Books Donated by Charlie McNamara

Private L.A/

APA

Patterson J., . (2014). Private L.A. NY: Grand Central Publishing.

Chicago

Patterson James, . 2014. Private L.A. NY: Grand Central Publishing.

Harvard

Patterson J., . (2014). Private L.A. NY: Grand Central Publishing.

MLA

Patterson James, . Private L.A. NY: Grand Central Publishing. 2014.

  • Place hold
  • Print
  • Cite
  • Add to your cart (remove)
  • Save record
    BIBTEX Dublin Core MARCXML MARC (non-Unicode/MARC-8) MARC (Unicode/UTF-8) MARC (Unicode/UTF-8, Standard) MODS (XML) RIS
  • More searches
    Search for this title in:
    Other Libraries (WorldCat) Other Databases (Google Scholar) Online Stores (Bookfinder.com) Open Library (openlibrary.org)

Exporting to Dublin Core...

SOUTHVILLE LIBRARY

Southville International School and Colleges Library

1281 Tropical Ave. Cor. Luxembourg St., BF Homes International, Las Pinas City

Tel. No. 8256374 / 252358 Loc. 117/146

Powered by Koha